000 00574nam a22001697a 4500
003 NUST
038 _aNusrat Nadeem
082 _a200
100 _aShah, Syed Imran Moazzam
_9120726
245 _aEfficient Classification Of Weeds In Crops For Autonomous Spray Application/
_cSyed Imran Moazzam Shah,
264 _aRawalpindi,
_bCEME NUST,
_c2023.
300 _aill:
_b145,p:
650 _aPhD-Mechatronics Engineering
_9124599
700 _aSupervisor: Dr. Umar Shahbaz Khan
_969707
856 _u http://10.250.8.41:8080/xmlui/handle/123456789/34992
942 _2ddc
_cSC
999 _c607857
_d607857